000 00727nam a2200193Ia 4500
003 GCL
005 20240530105000.0
008 140319s9999 xx 000 0 ara d
040 _aGCL /
_cGCL
082 0 4 _a621.39
_bف هـ
100 1 _aفاروق سيد حسنين
245 1 0 _aهندسة الكمبيوتر وتشغيله /
_cفاروق سيد حسنين ؛ فاروق محمد العامرى
260 _aبيروت :
_bدار الراتب الجامعية ،
_c1984
300 _a350:
_bايض ؛
_c24 سم
650 0 4 _aالهندسة الالكترونية
650 0 4 _aهندسة الحاسبات الالكترونية
700 1 _aفاروق محمد العامرى
_eمؤلف مشارك
942 _2ddc
_cBK
999 _c52275
_d52275